Nerovnosť v príjme a zdraví v krajinách EÚ

Ekonomické a sociálne nerovnosti. Giniho koeficient. Giniho koeficient v krajinách EÚ28. Zdravie populácie vo väzbe na príjmovú nerovnosť. Rozbor problému príjmových nerovností a zdravia. Objektívne a subjektívne posudzovanie vzťahu zdravia a príjmovej úrovne.

Na minha lista:
Detalhes bibliográficos
Autor principal: Šipikalová, Silvia, 1979-
Formato: Capítulo de Livro
Idioma:eslovaco
Assuntos:
Tags: Adicionar Tag
Sem tags, seja o primeiro a adicionar uma tag!

MARC

LEADER 00000naa a2200000 4500
001 0198352
005 20240502083504.3
041 0 |a slo 
044 |a CZ 
245 1 0 |a Nerovnosť v príjme a zdraví v krajinách EÚ  |c Silvia Šipikalová 
520 |a Ekonomické a sociálne nerovnosti. Giniho koeficient. Giniho koeficient v krajinách EÚ28. Zdravie populácie vo väzbe na príjmovú nerovnosť. Rozbor problému príjmových nerovností a zdravia. Objektívne a subjektívne posudzovanie vzťahu zdravia a príjmovej úrovne. 
610 2 0 |a nerovnosť sociálna 
610 2 0 |a príjmy domácností 
610 2 0 |a zdravie 
610 2 0 |a Európska únia 
100 1 |a Šipikalová, Silvia, 1979-